| 000 | 00544nam a2200157Ia 4500 | ||
|---|---|---|---|
| 008 | 170221s9999 xx 000 0 und d | ||
| 100 | _aZhaoxi Fang, | ||
| 245 | _aDifferential Network Coded Transmission for Two-Way Relay Networks with Large Antenna Array | ||
| 245 | _cZhaoxi Fang, Pengfei Shao, Wen Zheng, and Zeping Pang. | ||
| 260 | _bJournal of Communications | ||
| 260 | _c2016 | ||
| 300 | _a11 : 10 | ||
| 650 | _xCommunication | ||
| 650 | _xMedia Arts | ||
| 856 | _uhttp://www.jocm.us/index.php?m=content&c=index&a=lists&catid=167 | ||
| 999 |
_c306789 _d306789 |
||